| 000 | 00675 a2200157 4500 | ||
|---|---|---|---|
| 003 | Nust | ||
| 005 | 20170207154119.0 | ||
| 040 | _cNust | ||
| 082 | _a604.2 | ||
| 100 | _aT.H.Hewitt, A.M.I.E.E | ||
| 245 |
_aElectrical Drawing _bfor National certificate students _cT.H.Hewitt, A.M.I.E.E |
||
| 260 |
_alondon _bCleaver- hume press ltd _c1963 |
||
| 300 | _a168.p, | ||
| 505 | _aFundamentals (Page-1),Standards (Page-22),Geometrical drawing (Page-46),Dismensios (Page-63),Section views (Page71),Further Expercises in Projection (Page-78)Detials to be Assembled ,(Page-94),Workshop Drawing (Page-112),Design (Page-128),Printed circuits (Page-147), | ||
| 538 | _aAlmirah No.28 Shelf No.1 | ||
| 942 |
_2ddc _cBK |
||
| 999 |
_c194232 _d194232 |
||